=LDR 00000nam 2200000 4500 =001 INLIS000000000039314 =005 20130612144941 =008 ***********************************ind** =035 ##$$0010-061300000039314 =041 ##$$a ind =082 ##$$a 658.02 =100 ##$$a rfahmi, irham =245 ##$$a manajemen kinerja:teori dan aplikasi =260 ##$$a alfabeta $b bandung =300 ##$$a 236 hlm =850 ##$$a NBPNMAT